| 000 | 00685nam a2200229 i 4500 | ||
|---|---|---|---|
| 001 | bg | ||
| 100 | 1 | _aSÓLNES, Júlíus | |
| 245 | 1 | 0 |
_aStochastic processes and random vibrations : _btheory and practice / _cJulius Solnes. |
| 260 |
_aChichester [et.al.] : _bJohn Wiley and Sons, _ccop. 1997. |
||
| 300 |
_a432 s. : _brys., wykr. ; _c24 cm. |
||
| 504 | _aBibliogr. s. 415-424. - Indeks. | ||
| 650 | 9 |
_aDrgania _xteoria |
|
| 650 | 9 |
_aProcesy stochastyczne _xteoria |
|
| 650 | 9 |
_aDynamika _xteoria |
|
| 020 | _a0471971928 | ||
| 040 | _cBPK | ||
| 041 | 0 | _aen | |
| 080 | _a519.216:531.3:534 | ||
| 920 | _a0-471-97192-8 | ||
| 942 | _cKS | ||
| 008 | s pl f |000 0 pol | ||
| 999 |
_c31901 _d31901 |
||
| 856 |
_uhttp://koha.tu.koszalin.pl/cgi-bin/koha/opac-detail.pl?biblionumber=31901 _yKatalog online BPK |
||